000 00280nam a2200085Ia 4500
245 0 _aThat's my boy! : a modern parent's guide to raising a happy and confident son
100 _a MURRAY, Jenni London, 2003
_9103114
942 _cBK
008 210817s9999 xx 000 0 und d
999 _c452081
_d452080